000 00735nam a2200205 a 4500
001 BRCA_1057
005 20190320203248.0
008 170408s2001----sp-a---###---#000-0#spa-#
020 _a8492323469
050 4 _aNB1230
_b.C66 2001
100 1 _aCoppel Aréizaga, Rosario
_93483
245 1 0 _aPequeños bronces en la Fundación Lázaro Galdiano
_bsiglos XVI-XIX
_cRosario Coppel Aréizaga.
260 _aMadrid
_bFundación Lázaro Galdiano
_c2001
300 _a278 p.
_bil. a color
_c24 cm.
440 0 _aCatálogos de la Fundación Lázaro Galdiano
_n4
_93484
504 _aBibliografía : p. 249-258
610 2 4 _aFundación Lázaro Galdiano (Madrid)
_xColecciones de arte
_93485
650 1 4 _aEscultura en bronce
_93486
942 _2lcc
_cB
999 _c936
_d936